Loading...
| Literature - European | 0 | 4 | 1 | 0 | 35 | 82 | 114.00 | 0 | 3 | 6.26 | 24.55 |
| Literature - World | 0 | 3 | 0 | 0 | 30 | 90 | 120.00 | 0 | 0 | 3.94 | 7.50 |
| Literature - American | 0 | 3 | 0 | 0 | 30 | 98 | 127.67 | 0 | 0 | 3.38 | 13.64 |
| History - Other | 0 | 1 | 0 | 0 | 10 | 108 | 108.00 | 0 | 1 | 1.54 | 5.45 |
| Social Science | 0 | 1 | 0 | 0 | 10 | 83 | 83.00 | 0 | 0 | 1.55 | 1.82 |
| Fine Arts - Painting and Sculpture | 0 | 1 | 0 | 0 | 10 | 129 | 129.00 | 0 | 0 | 0.00 | 2.73 |
| History - American | 0 | 1 | 0 | 0 | 10 | 60 | 60.00 | 0 | 1 | 4.18 | 6.82 |
| Science - Biology | 0 | 1 | 0 | 0 | 10 | 108 | 108.00 | 0 | 0 | 0.48 | 4.55 |
| Science - Chemistry | 0 | 1 | 0 | 0 | 10 | 100 | 100.00 | 0 | 0 | 1.39 | 2.73 |
| Fine Arts - Classical Music | 0 | 1 | 0 | 0 | 10 | 56 | 56.00 | 0 | 1 | 4.55 | 8.18 |
| Religion | 0 | 1 | 0 | 0 | 10 | 130 | 130.00 | 1 | 1 | 0.00 | 6.82 |
| Literature - British | 0 | 1 | 1 | 0 | 5 | 114 | 114.00 | 0 | 0 | 1.36 | 3.64 |
| Mythology | 0 | 1 | 1 | 0 | 5 | 117 | 117.00 | 0 | 0 | 0.51 | 2.27 |
| Fine Arts - Other | 0 | 0 | 0 | 0 | 0 | 0.00 | 0 | 0 | 0.00 | 0.00 |